| 000 | 00724nam a2200265 a 4500 | ||
|---|---|---|---|
| 999 |
_c5938 _d5938 |
||
| 001 | 5938 | ||
| 003 | BD-JhCC | ||
| 005 | 20180101121917.0 | ||
| 008 | 171231s1989 ii a|||| || | 001 0 eng d | ||
| 020 | _a8185274835 | ||
| 035 | _a(BD-JhCC)5938 | ||
| 040 |
_aBD-JhCC _dBD-JhCC |
||
| 041 | _aeng | ||
| 082 |
_a646 _bHEN 1989 |
||
| 100 | _aHeneman, Herbert G. | ||
| 245 |
_aPersonnel / Human Resource Management / _cHerbert G. Heneman, Donald P. Schwab & John A. Fossum |
||
| 250 | _a4th ed. | ||
| 260 |
_aNew Delhi : _bUniversal Book Stall, _c1989. |
||
| 300 |
_a740 p. : _c22 cm. |
||
| 650 | _aPersonal Mangement | ||
| 700 | _aSchwab, Donald P. | ||
| 700 | _aFossum, John A. | ||
| 942 |
_2ddc _cBK |
||